Statistics for Countries of South America by First Three Letters in 30 Seconds

Click here to take the quiz!

General Stats

  • This quiz has been taken 50 times
  • The average score is 11 of 12

Answers on the Map

Answers color-coded by a green-red scale on the quiz's map according to % correct below.
 

Answer Stats

Answer% Correct
Brazil
97%
Chile
95%
Argentina
92%
Uruguay
92%
Bolivia
87%
Colombia
87%
Paraguay
87%
Venezuela
87%
Guyana
85%
Suriname
85%
Ecuador
82%
Peru
79%

Score Distribution

Percentile by Number Answered

Percent of People with Each Score

Your Score History

You have not taken this quiz